000 03255nab a2200349 i 4500
003 BR-BrBNA
005 20250703092542.0
008 250703b2020 bl.tr|pooa||| 00| 0 por |
040 _aBR-BrBNA
_bpor
072 _aM12
_b8134
072 _aL10
100 _aSilva, Bruno Corrêa da
100 _aMassago, Haluko
100 _aMarchior, Natália da Costa
100 _aBiz, Valdomiro
100 _aSilva, Tatiane Carine
245 _aDesempenho zootécnico e econômico da tilápia, linhagem GIFT-Epagri SC02, em cultivo semi-intensivo em Santa Catarina
500 _a Publicação online; 4 ref.; 2 tables; Summaries (En, Pt)
520 _a Resumo – Avaliou-se o desempenho a campo da segunda geração da linhagem de tilápia da Epagri, chamada de GIFT-Epagri SC02, nas regiões norte e médio Vale do Itajaí. Foram acompanhados os desempenhos zootécnico e econômico de dois cultivos comerciais na safra 2016/2017 e outros dois, na safra 2017/2018. Os alevinos foram provenientes da Epagri, e foram selecionados produtores nos municípios de Massaranduba, Timbó e Gaspar. A tilápia atingiu peso final entre 670 a 1.000g e ciclo entre 7 a 12 meses. Os cultivos obtiveram uma produtividade anual entre 18 a 47t por hectare ao ano. Quanto ao desempenho econômico os cultivos obtiveram um lucro líquido entre R$25 mil a R$53 mil por hectare ao ano, com exceção do cultivo de Timbó, devido à alta conversão alimentar, consequência de problemas na sobrevivência e no manejo alimentar. Termos de indexação: Oreochromis niloticus; melhoramento genético; conversão alimentar; viabilidade econômica.
520 _a Abstract – Grow-out performance of second-generation Epagri Tilapia strain, also called GIFT-Epagri SC02, was evaluated in the northern and middle Itajaí Valley regions. The zootechnical and economic performance of two commercial cultures for the 2016/2017 harvest and two other commercial culture for the 2017-2018 harvest was followed up. Fingerlings were derived from Epagri and producers hailed from the municipalities of Massaranduba, Timbó and Gaspar. Tilapia reached a final weight ranging between 670 and 1000g in 7-12 months. Cultivation had a productivity of 18 – 47 ton ha-1 year-1. The economic performance reached a net profit between R$25,000 and R$53,000 hectare year-1, except for culture in Timbó due to high feed conversion caused by problems of survival and feed management. Index terms: Oreochromis niloticus; selective breeding; feed conversion rate; economic viability.
650 _aTILÁPIA
650 _aPEIXE DE ÁGUA DOCE
650 _aLINHAGEM
650 _aSELEÇÃO
650 _aMELHORAMENTO GENÉTICO ANIMAL
650 _aPISCICULTURA
650 _aPRODUÇÃO ANIMAL
773 0 _01813
_9317201
_dFlorianópolis-SC Empresa de Pesquisa Agropecuária e Extensão Rural de Santa Catarina 1988-
_o2024-3825
_tAgropecuária Catarinense (Brazil)
_x0103-0779
_gv. 33(2) p. 19-21; (2020)
_wBR2025003871
856 _uhttps://publicacoes.epagri.sc.gov.br/rac/article/view/486/932
942 _cANA
999 _c332378
_d332378